000 00700cam a2200217 4500500
005 20260405004104.0
041 _afre
042 _adc
100 1 0 _aLarmagnac-Matheron, Octave
_eauthor
245 0 0 _aL’eucatastrophe : Tolkien et l’épreuve du choix
260 _c2022.
500 _a94
690 _aAmitié
690 _aChoix
690 _aÉpreuve
690 _aSacrifice
690 _aSeigneur des Anneaux
690 _aTolkien
786 0 _nPhilosophie magazine - Hors séries | Hors série - Été-Autome 2022 | HS54 | 2022-07-01 | p. 34-35 | 2104-9246
856 4 1 _uhttps://shs.cairn.info/magazine-philosophie-magazine-2022-hs54-page-34?lang=fr&redirect-ssocas=7080
999 _c2073616
_d2073616